000 01569cpcaa2200337 a 4500
001 mm 78017293
003 DLC
005 20260227111622.0
008 790327|||||||||||| eng
010 _amm 78017293
_bms 67000594
040 _aDLC
_cDLC
_dDLC
_edacs
072 7 _aC
_2lcmd
245 0 0 _aCroghan family papers,
_f1789-1848.
300 _a180
_fitems.
300 _a1
_fcontainer.
506 0 _aOpen to research.
520 8 _aNotes of land warrants, land surveys, copies of wills, and legal papers of Gen. William Croghan (1752-1823), Virginia planter and soldier who later moved to Kentucky, and his son, Col. George Croghan (1791-1849), a hero in the War of 1812; together with papers of two other sons, Charles Croghan and Dr. John Croghan (1790-1849), and the George Rogers Clark family to whom the Croghan family was related.
546 _aCollection material in English.
600 1 0 _aClark, George Rogers,
_d1752-1818.
600 3 0 _aClark family.
600 3 0 _aCroghan family.
650 0 _aLand tenure
_zKentucky.
650 0 _aLand tenure
_zVirginia.
651 0 _aUnited States
_xHistory
_yWar of 1812.
700 1 _aCroghan, Charles.
_tCharles Croghan papers.
700 1 _aCroghan, George,
_d1791-1849.
_tGeorge Croghan papers.
700 1 _aCroghan, John,
_d1790-1849.
_tJohn Croghan papers.
700 1 _aCroghan, William,
_d1752-1823.
_tWilliam Croghan papers.
999 _c39808
_d39808